Die Deutschen in Lateinamerika: Schicksal und Leistung
Gardado en:
| Autor Principal: | |
|---|---|
| Formato: | Libro |
| Idioma: | Lingua castelá |
| Publicado: |
Tubinga
Horst Erdmann
1979
|
| Subjects: | |
| Tags: |
Engadir etiqueta
Sen Etiquetas, Sexa o primeiro en etiquetar este rexistro!
|
MARC
| LEADER | 00000nam a2200000 a 4500 | ||
|---|---|---|---|
| 001 | UCN9130 | ||
| 003 | CL-VaPUC | ||
| 008 | 011123e19790000GW |||||||||||||||||spa|d | ||
| 082 | 0 | 4 | |a 304.88043 |b FRO |2 21 |
| 100 | 0 | |a Fröschle, Hartmut |e author |9 465584 | |
| 245 | 1 | 4 | |a Die Deutschen in Lateinamerika: Schicksal und Leistung |
| 300 | |a 876 p | ||
| 942 | |c BK | ||
| 945 | |d 20011123 00:00:00 |a crobeson | ||
| 260 | |a Tubinga |b Horst Erdmann |c 1979 | ||
| 650 | 0 | |a Emigración |9 343094 | |
| 650 | 0 | |a Inmigrantes |9 317882 | |
| 650 | 0 | |a Alemanes en Chile |9 465585 | |
| 650 | 0 | |a Alemanes en Brasil |9 465586 | |
| 650 | 0 | |a Alemanes en Argentina |9 465587 | |
| 651 | 0 | |a América Latina |9 255027 | |
| 651 | 0 | |a Alemania |9 255688 | |
| 583 | |a last modification |c 20011123 00:00:00 |k Rodrigo Vera | ||
| 999 | |c 298677 |d 298675 | ||
| 952 | |0 0 |1 0 |4 0 |6 304_880430000000000_FRO_1979 |7 0 |8 A |9 354443 |a BIBHIS |b BIBHIS |d 2019-11-21 |i 3743004 |o 304.88043 FRO 1979 |p 3743004 |r 2025-01-20 |w 2019-11-21 |y BK |k HIS | ||